[Event "Puchong op 6th"]
[Site "Puchong"]
[Date "2019.08.24"]
[Round "3"]
[White "Wong, Kah Hing"]
[Black "Chin, Chee Boon"]
[Result "1-0"]
[WhiteElo "1553"]
[BlackElo "1320"]
[PlyCount "47"]
[EventDate "2019.08.24"]
[EventType "swiss"]
[EventRounds "6"]
[EventCountry "MAS"]
[SourceTitle "EXT 2020"]
[Source "ChessBase"]
[SourceDate "2019.10.17"]
[SourceVersion "1"]
[SourceVersionDate "2019.10.17"]
[SourceQuality "1"]

1. Nf3 g6 2. g3 Bg7 3. Bg2 c5 4. c4 Nf6 5. 0-0 0-0 6. Nc3 Nc6 7. d4 cxd4 8. Nxd4 Rb8 9. e4 d6 10. h3 Nxe4 11. Nxc6 Nxc3 12. Nxe7+ Qxe7 13. bxc3 Bxc3 14. Rb1 Be6 15. Bh6 Rfc8 16. Qd3 Bh8 17. Rbc1 Qc7 18. Bd5 Bxh3 19. Rfe1 Re8 20. Qb3 Re7 21. Qa4 a6 22. c5 Qxc5 23. Rxe7 Qxc1+ 24. Bxc1 1-0